000 00692nam a22001817a 4500
005 20250531172019.0
008 250531b |||||||| |||| 00| 0 eng d
020 _a9780743474368
_qpbk
041 _aeng
082 _a649.125
_bMCM
100 _aMcMahon, Tom
245 _aTeen tips: a practical survival guide for parents with ids 11-19
_cTom McMahon
260 _aNew York
_bPocket Books
_c1996
300 _axix, 249 p.
520 _aTeen Tips is full of down-to-earth, inventive advice. It's an indispensable guide to navigating the teen years—and making the journey as rewarding for the parent as it is for the aspiring young adult.
650 _aAdolescence,
942 _cENGLISH
999 _c571400
_d571400